Top 10 NFL Wide Receivers - Statistics

General Stats
  • This quiz has been taken 64 times
  • The average score is 9 of 10
Answer Stats
Teams Answer % Correct
Vikings Justin Jefferson
100%
Dolphins Tyreek Hill
100%
Bills Stefon Diggs
93%
Raiders Davante Adams
91%
Lions Amon-Ra St. Brown
87%
Cowboys Ceedee Lamb
87%
Rams Cooper Kupp
87%
49ers Deebo Samuel
87%
Eagles A.J Brown
85%
Bengals Ja'mar Chase
37%
No matching quizzes found
Score Distribution
Percent of People with Each Score
Percentile by Number Answered
Your Score History
You have not taken this quiz